Wellness a life manažment
Rozdiely v kvalite života. Šťastie a jednoduchosť v živote. Meškanie éry zlatého veku. Sebaláska - sebectvo alebo zdravý rozum. Wellness a pohoda. Life manažment. Pohodou k prosperite.
Saved in:
| Main Author: | |
|---|---|
| Format: | Book Chapter |
| Language: | Slovak |
| Subjects: | |
| Tags: |
No Tags, Be the first to tag this record!
|
MARC
| LEADER | 00000naa$a2200000$$$4500 | ||
|---|---|---|---|
| 001 | 0085538 | ||
| 005 | 20231006122653.4 | ||
| 041 | 0 | |a slo | |
| 044 | |a SK | ||
| 245 | 1 | 0 | |a Wellness a life manažment |c Emil Burák |
| 520 | |a Rozdiely v kvalite života. Šťastie a jednoduchosť v živote. Meškanie éry zlatého veku. Sebaláska - sebectvo alebo zdravý rozum. Wellness a pohoda. Life manažment. Pohodou k prosperite. | ||
| 610 | 2 | 0 | |a manažment |
| 610 | 2 | 0 | |a kvalita života |
| 610 | 2 | 0 | |a relaxácia |
| 610 | 2 | 0 | |a štýl životný |
| 100 | 1 | |a Burák, Emil | |